000
00391nam a2200109Ia 4500
008
221009s9999 xx 000 0 und d
082
_a
363
100
_a
उपकार
_9
73042
245
0
_a
मध्य प्रदेश पुलिस आरक्षक भर्ती परीक्षा 54 सॉल्वड पेपर्स 2017
260
_b
उपकार
942
_c
BK
999
_c
65122
_d
65122